MARC

LEADER 00000nam0a2200000 4500
001 58776
005 20231031055312.0
010 |a 5803701203 
035 |a (RuTPU)RU\TPU\book\62094 
090 |a 58776 
100 |a 20031208d2003 k y0rusy50 ca 
101 0 |a rus 
102 |a RU 
105 |a a z 001zy 
200 1 |a Модульно-наращиваемые многопроцессорные системы со структурно-процедурной организацией вычислений  |f А. В. Каляев, И. И. Левин 
210 |a Москва  |c Янус-К  |d 2003 
215 |a 380 с.  |c ил. 
320 |a Библиогр.: с. 373-379 
610 1 |a информатика 
610 1 |a многопроцессорные системы 
610 1 |a параллелизм 
610 1 |a программируемая архитектура 
610 1 |a графовые отображения 
610 1 |a кадровые отображения 
610 1 |a фрейм-архитектура 
610 1 |a параллельные вычисления 
610 1 |a структура 
610 1 |a элементная база 
610 1 |a математическое обеспечение 
675 |a 681.325.5  |v 3 
700 1 |a Каляев  |b А. В. 
701 1 |a Левин  |b И. И. 
801 1 |a RU  |b 63413507  |c 20031208  |g PSBO 
801 2 |a RU  |b 63413507  |c 20040106  |g PSBO 
942 |c BK